000 01117cam a2200277 i 4500
003 SA-RiAUC
005 20250125082335.0
008 250125s2004 su g 000 0 ara c
040 _aKW-ShULA
_bara
_cSA-RiAUC
_erda
082 0 4 _a252.2
090 _a252.2
_bح ا ز
100 1 _aالحازمي، سامي بن فراج بن عيد
_eمؤلف.
245 1 0 _aأحكام الأذان والنداء والإقامة :
_bدراسة فقهية مقارنة /
_cسامي بن فراج بن عيد الحازمي.
250 _aالطبعة الأولى.
264 1 _aالدمام، السعودية :
_bدار ابن الجوزي،
_c2004
300 _a534 صفحة ؛
_c24 سم
336 _aنص
_btxt
_2rdacontent
_3كتاب
337 _aبدون وسيط
_bn
_2rdamedia
338 _aمجلد
_bnc
_2rdacarrier
500 _aالأصل أطروحة (ماجستير)
650 7 _aالأذان والإقامة
_2aucsh
650 7 _aالصلاة (فقه إسلامي)
_2aucsh
650 7 _aالعبادات (فقه إسلامي)
_2aucsh
942 _2ddc
_cBOOK
_n0
949 _aSA-JeALM
_d250125
_umohamedma123
_n1
999 _c5182
_d5182